Calculadoras numéricas electrónicas / (Record no. 77225)

MARC details
000 -LEADER
campo de control de longitud fija 00607nam a2200193 i 4500
001 - NÚMERO DE CONTROL
campo de control 77225
003 - IDENTIFICADOR DE NÚMERO DE CONTROL
campo de control ES-MaACL
005 - FECHA Y HORA DE LA ÚLTIMA TRANSACCIÓN
campo de control 20230906173125.0
007 - CAMPO FIJO DE DESCRIPCIÓN FÍSICA--INFORMACIÓN GENERAL
campo de control de longitud fija t|
008 - DATOS DE LONGITUD FIJA--INFORMACIÓN GENERAL
campo de control de longitud fija 041007s1970 sp ||||1| spa d
100 1# - ENTRADA PRINCIPAL--NOMBRE DE PERSONA
Nombre de persona Haas, Gerhard.
9 (RLIN) 163208
245 10 - MENCIÓN DEL TÍTULO
Título Calculadoras numéricas electrónicas /
Mención de responsabilidad, etc. G. Haas ; [traducido por Manuel Pérez Chirinos y Palud].
250 ## - MENCION DE EDICION
Mención de edición [2ª ed. corr. y aum.].
260 ## - PUBLICACIÓN, DISTRIBUCIÓN, ETC.
Lugar de publicación, distribución, etc. Madrid :
Nombre del editor, distribuidor, etc. Paraninfo,
Fecha de publicación, distribución, etc. 1970.
300 ## - DESCRIPCIÓN FÍSICA
Extensión 280 p. :
Otras características físicas il. ;
Dimensiones 21 cm.
650 #4 - PUNTO DE ACCESO ADICIONAL DE MATERIA--TÉRMINO DE MATERIA
Término de materia o nombre geográfico como elemento de entrada Calculadoras.
9 (RLIN) 135706
700 1# - ENTRADA AGREGADA--NOMBRE PERSONAL
Nombre de persona Pérez Chirinos y Palud, M.
9 (RLIN) 90730
852 ## - LOCALIZACIÓN
Ubicación ES-MaACL
Número de control de estantería C-38253
Sublocalización o colección R.75646
Holdings
Estatus retirado Estado de pérdida Estado de daño No para préstamo Biblioteca de origen Biblioteca actual Ubicación en estantería Fecha de adquisición Fuente de adquisición Total de préstamos Signatura topográfica completa Código de barras Visto por última vez Precio de reemplazo Tipo de ítem Koha
        Biblioteca del Ateneo de Madrid Biblioteca del Ateneo de Madrid Depósito 2 17/01/2008     C-38253 1080798 23/02/2023 23/02/2023 Libro impreso